000 00323 a2200145 4500
003 Nust
005 20170207153442.0
040 _cNust
082 _a891.4391
100 _aShahab, Qudartullah
245 _aShahab Nagar
_c Qudartullah Shahab
260 _aLahore
_bJung Pub
_c1997
300 _a663:p
650 _aUrdu Literature
942 _2ddc
_cBK
999 _c186523
_d186523